000 01144nam0a22002411 4500
001 rc\737012
005 20260407024845.0
035 _a(NLR Aleph) 006266917
090 _a6908065
_c6908065
100 _a20040301d1985 |||y0rusy50 ca
101 0 _arus
102 _aRU
105 _ay |||||||||
200 1 _aРоль интродукции растений в увеличении производства кормов
_eТез. докл. науч.-техн. семинара, Витеб. обл., совхоз "Селюты", 4 июня 1985 г.
210 _aМинск
_cБелНИИНТИ
_d1985
215 _a49 с.
_d20
300 _aВ надзаг.: Центр. ботан. сад АН БССР, М-во сел. хоз-ва БССР, Белорус. НИИ земледелия, Белорус. НИИ животноводства, Белорус. НИИ НТИ и техн.-экон. исслед. Госплана БССР
712 0 2 _aБотанический сад
_cМинск
_3RU\NLR\AUTH\8810010534
_9518729
801 0 _aRU
_bNLR
_gpsbo
801 1 _aRU
_bELAR
_2rusmarc
852 _aNLR
_j85-4/30419
942 _cBOOK
980 _aNB